Banks and monetary shocks in emerging markets how far can we go with the "credit view"?

Salvato in:
Dettagli Bibliografici
Autore principale: Catao, Luis
Altri autori: Rodriguez, Sergio L.
Natura: Libro
Lingua:inglese
Pubblicazione: Washington International Monetary Fund 2000
Serie:IMF Working Paper WP/00/68
Soggetti:
Tags: Aggiungi Tag
Nessun Tag, puoi essere il primo ad aggiungerne!!

MARC

LEADER 00000nam a2200000 4500
001 c124214
005 20221221081648.2
041 0 |a eng 
044 |a US 
245 1 0 |a Banks and monetary shocks in emerging markets  |b how far can we go with the "credit view"?  |c Luis Catao, Sergio L. Rodriguez 
264 1 |a Washington  |b International Monetary Fund  |c 2000 
300 |a 37 s. 
490 1 |a IMF Working Paper  |v WP/00/68 
830 0 |a IMF Working Paper  |v WP/00/68 
610 2 0 |a banky 
610 2 0 |a mena 
610 2 0 |a kríza menová 
610 2 0 |a trh finančný 
610 2 0 |a trh finančný medzinárodný 
610 2 0 |a trh menový 
610 2 0 |a trh peňažný medzinárodný 
610 2 0 |a úver 
610 2 0 |a úver bankový 
100 1 |a Catao, Luis 
700 1 |a Rodriguez, Sergio L.